000 00675nam a2200265Ia 4500
005 20260121165002.0
008 008 260114s9999 xx 000 0 eng d
020 _a9781137466396
037 _aEBOOK
040 _aCRL
040 _beng
040 _cCRL
041 _2eng
041 _aeng
084 _qCRL
100 _aM. Evren Tok, Lolwah R. M. Alkhater, Leslie A. Pal
_91046113
245 0 _aPolicy-Making in a Transformative State
260 _bSpringer
260 _bSpringer
260 _c2016
856 _uhttps://link.springer.com/openurl?genre=book&isbn=978-1-137-46639-6
942 _cEBOOK
999 _c1611837
_d1611837